| 000 | 01195cad a22002535a 4500 | ||
|---|---|---|---|
| 001 | L152656 | ||
| 008 | 110408s2007 xxk f 000 0 eng d | ||
| 035 | _a(Sirsi) u152656 | ||
| 041 | 0 | _aeng | |
| 100 | 1 | _aCrosthwaite, David | |
| 245 | 0 | 0 |
_aHealth and safety in public sector construction procurement _h[electronic resource] |
| 260 |
_a[S.l.] _bHSE _c2007 |
||
| 490 | 0 |
_aHSE Research Report _v(RR556) |
|
| 520 | _aThis study was concerned with examining health and safety issues in public sector construction procurement. The broad aim of the research was to provide an evidence-based assessment of how well the public sector in England, Scotland and Wales meets its health and safety obligations in the procurement of construction. | ||
| 590 | _aKA | ||
| 651 | 4 |
_aUnited Kingdom _y |
|
| 690 | _aMANAGEMENT-HEALTH AND SAFETY | ||
| 690 |
_aProcurement _96260 |
||
| 710 | 1 |
_aDavis Langdon LLP _95694 |
|
| 710 | 1 |
_aUnited Kingdom _bDepartment of Trade and Industry _bOffice of Government Commerce _95938 |
|
| 710 | 1 |
_aGreat Britain _bHealth and Safety Executive |
|
| 856 | 4 | 0 |
_uhttps://www.hse.gov.uk/research/rrpdf/rr556.pdf _zView this item free of charge at www.hse.gov.uk |
| 942 | _n0 | ||
| 999 |
_c112149 _d112149 |
||